Syntéza regulačních obvodů s číslicovým počítačem

Enregistré dans:
Détails bibliographiques
Auteur principal: Strejc, Vladimír (Auteur)
Format: Livre
Langue:tchèque
Publié: Praha : Československá akademie věd, 1965
Édition:1. vyd.
Tags: Ajouter un tag
Pas de tags, Soyez le premier à ajouter un tag!

MARC

LEADER 00000nam a22000003a 4500
001 stu54281
005 20150617225703.6
008 000614s1965----cs------------------cze-d
040 |a STU  |b slo 
041 0 |a cze 
044 |a cs 
080 |a 681.32-501  |7 stu_us_auth*stu10203 
100 1 |a Strejc, Vladimír  |4 aut 
245 1 |a Syntéza regulačních obvodů s číslicovým počítačem 
250 |a 1. vyd. 
260 |a Praha :  |b Československá akademie věd,  |c 1965 
300 |a 461 s 
996 |b 284EK06032  |c E*10394  |l EE01  |s A  |a 24  |w stu54281_0001 
996 |b E34950  |c E*34950  |l EE16  |s P  |a 0  |w stu54281_0002